Europe by Capital Quiz Stats

 Plays Quiz Updated Feb 13, 2019

Support Sporcle.
Go Orange.
Score 0/47 Timer 07:00
12 Plays Today
Capital Country % Correct
ParisFrance
95.4%
RomeItaly
95.3%
AthensGreece
95.1%
BerlinGermany
95.1%
MoscowRussia
95.1%
MadridSpain
95%
DublinIreland
94.6%
LondonUnited Kingdom
94.3%
Vatican CityVatican City
93.1%
StockholmSweden
92.7%
WarsawPoland
92.7%
AmsterdamNetherlands
92.5%
OsloNorway
92%
CopenhagenDenmark
91.7%
LuxembourgLuxembourg
91.3%
BrusselsBelgium
91.1%
ViennaAustria
91%
LisbonPortugal
90.9%
HelsinkiFinland
90%
MonacoMonaco
89.3%
ReykjavikIceland
86.9%
BudapestHungary
86.8%
PragueCzechia
86.7%
Andorra la VellaAndorra
85.2%
Capital Country % Correct
San MarinoSan Marino
85%
KyivUkraine
82.7%
BernSwitzerland
82.3%
AnkaraTurkey
78.2%
BucharestRomania
75.1%
MinskBelarus
72%
SofiaBulgaria
71.9%
RigaLatvia
69.6%
ZagrebCroatia
69.3%
BratislavaSlovakia
68%
TallinnEstonia
67.3%
BelgradeSerbia
66.6%
SarajevoBosnia and Herzegovina
64.7%
VilniusLithuania
63.1%
NicosiaCyprus
62.9%
LjubljanaSlovenia
60.3%
VallettaMalta
58%
TiranaAlbania
56.4%
SkopjeNorth Macedonia
55.5%
ChisinauMoldova
50.9%
PristinaKosovo
50.5%
PodgoricaMontenegro
49.5%
VaduzLiechtenstein
49.2%

From the Vault

Oceanian Country Letter Pair Blitz

by sproutcm

Geography 90s
Some of these pairs are separated by thousands of miles of ocean, though.
Remove Ads.
Support Sporcle.
Get the best of Sporcle when you Go Orange. This ad-free experience offers more features, more stats, and more fun while also helping to support Sporcle. Thank you for becoming a member.

Show Comments

Extras

Top Quizzes Today


Score Distribution

Your Account Isn't Verified!

In order to create a playlist on Sporcle, you need to verify the email address you used during registration. Go to your Sporcle Settings to finish the process.

Report this User

Report this user for behavior that violates our Community Guidelines.

Details: